000 00758cam a2200253 4500500
005 20260405004015.0
041 _afre
042 _adc
100 1 0 _aPortevin, Catherine
_eauthor
245 0 0 _aChristophe Dejours : éloge du "travail vivant"
260 _c2016.
500 _a96
690 _aAction
690 _aBanalité du mal
690 _aEichmann
690 _aHannah Arendt
690 _aKarl Marx
690 _aMorale
690 _aœuvre
690 _aSouffrance
690 _aTravail
786 0 _nPhilosophie magazine - Hors séries | Hors-série Pritemps 2016 | HS28 | 2016-04-01 | p. 21-22 | 2104-9246
856 4 1 _uhttps://shs.cairn.info/magazine-philosophie-magazine-2016-hs28-page-21?lang=fr&redirect-ssocas=7080
999 _c2072868
_d2072868